NOS, National Ocean Service.

Bibliographic Details
Corporate Author: United States. National Oceanic and Atmospheric Administration
Format: Government Document Book
Language:English
Published: [Silver Spring, Md.] : National Oceanic and Atmospheric Administration, [1994]
Subjects:

MARC

Tag First Indicator Second Indicator Subfields
LEADER 00000cam a2200000 a 4500
001 in00000001213
005 20151007050348.0
008 950712s1994 mduab f000 0 eng d
035 |a (OCoLC)32806140 
035 |9 AHY0403AM 
040 |d GPO  |d DLC  |d MvI  |d UtOrBLW 
043 |a n-us--- 
049 |a UDOC 
074 |a 0250-E-02 
086 0 |a C 55.2:OC 2/9 
245 0 0 |a NOS, National Ocean Service. 
246 3 0 |a National Ocean Service 
264 1 |a [Silver Spring, Md.] :  |b National Oceanic and Atmospheric Administration,  |c [1994] 
300 |a 42 unnumbered pages :  |b illustrations, maps ;  |c 28 cm. 
336 |a text  |b txt  |2 rdacontent 
337 |a unmediated  |b n  |2 rdamedia 
338 |a volume  |b nc  |2 rdacarrier 
500 |a Caption title. 
500 |a Consists of information sheets on various units of the NOS. 
500 |a Shipping list number: 94-0392-P. 
500 |a "July 1994"--P. [2]. 
610 1 0 |a United States.  |b National Ocean Service. 
710 1 |a United States.  |b National Oceanic and Atmospheric Administration. 
999 |a MARS 
999 f f |s 60883599-039a-3673-835f-954701f31858  |i 90603ebf-c316-36ff-a321-82a35338b969  |t 0 
952 f f |p normal  |a Texas A&M University  |b College Station  |c Sterling C. Evans Library  |d Evans: US Documents (Annex 5th floor)  |t 0  |e C 55.2:OC 2/9  |h Superintendent of Documents classification  |i unmediated -- volume  |m A14826676698 
998 f f |a C 55.2:OC 2/9  |t 0  |l Evans: US Documents (Annex 5th floor)